00472nam a22001457a 4500020001800000082001500018100001600033245006100049260003300110300000800143650002500151942000700176952012600183999001700309 a81-86791-39-6 a001.42 ALE aAleaz, P.K. aA Christian Response to the Hindu Philosophical systems  aKolkatabPunthi Pustakc2003 a344 aResearch-Methodology cBK 001040708REFaHMIbHMIcREFd2016-11-08eamazong1485.00l2o001.42 ALEp25102r2022-08-29s2022-08-25w2026-01-16yEB c20177d20177